LEADER 02092nam 2200397Ia 450 001 996385597203316 005 20200824132319.0 035 $a(CKB)4940000000079398 035 $a(EEBO)2240855569 035 $a(OCoLC)ocm12889055e 035 $a(OCoLC)12889055 035 $a(EXLCZ)994940000000079398 100 $a19851210d1675 uy | 101 0 $afre 135 $aurbn||||a|bb| 200 14$aLes reports de Sir William Jones, chevalier, jades un des justices del' Banck le roy, et devant un des justices del' Court de common-banck et devant capital justice d'Ireland$b[electronic resource] $ede divers special cases cy bien in le Court de banck le roy, come le Common-banck in Angleterre : cy bien en le darreign temps del' reign de roy Jaques, come en l'anns de roy Charles I : queux fueront adjudge en les dits courts en le temps en que il fuit judge en ceux /$fcolliges par luy mesme, et imprimee per l'original south son maine propre en francois remanent in les maines de Dorothy Faulconberge, & Lucy Jones, files & executrices del' dit judge 210 $aLondon $cPrinted by T.R. and N.T. for Thomas Basset and Richard Chiswel ...$d1675 215 $a[13], 463, [23] p. $cport 300 $a"Un table ..." [i.e. index]: p. [1]-[22] at end. 300 $aErrata: p. [23] at end. 300 $aAnother issue, with same imprint and paging, has slight variations in title. 300 $aReproduction of original in Huntington Library. 330 $aeebo-0113 606 $aLaw reports, digests, etc$zEngland 615 0$aLaw reports, digests, etc. 700 $aJones$b William$cSir,$f1566-1640.$0845310 712 02$aEngland and Wales.$bCourt of Common Pleas. 712 02$aEngland and Wales.$bCourt of King's Bench. 801 0$bEAA 801 1$bEAA 801 2$bm/c 801 2$bWaOLN 906 $aBOOK 912 $a996385597203316 996 $aLes reports de Sir William Jones, chevalier, jades un des justices del' Banck le roy, et devant un des justices del' Court de common-banck et devant capital justice d'Ireland$92333946 997 $aUNISA